1688 1703 1410 1967 1200 1311 1011 1672 1361 1775 1636 1421 1213 1993 1923 1900 1197 1888 1504 1781 1459 1152 1868 1008 1635 1614 1474 1219 1052 1086 1344 1586 1588 1147 1327 1798 1021 1257 1776 1118 1050 1680 1767 1210 1110 1795 1282 1996 1854 1964 1071 1968 1712 1982 1491 1897 1832 1065 1476 1417 1572 1041 1593 1725 1179 1628 1449 1343 1820 1648 1424 1853 1121 1855 1194 1183 1484 1621 1261 1524 1034 1692 1747 1645 1358 1879 1837 1038 1650 1555 1165 1610 1964 1728 1577 1666 1403 1095 1391 BCNSPRNW ULIB Ver.6.0+V

เปลี่ยนเป็นภาษาไทย

Change to English
 แสดงรายละเอียดบรรณานุกรม
  กลับหน้าหลัก

Brief Record : Get Marc (ISO 2709) : E-mail record : QR code < ปิดหน้าต่าง
LEADER : 00000nam 2200000uu 4500
001    13399121060
003     ULIB
008    121101s2551||||th 000 0 tha d
020    ^a9789743168253
050  4 ^aHF5549^bย126ก
100 0  ^aยงยุทธ เกษสาคร
245 10 ^aการพัฒนาบุคคลและการฝึกอบรม /^cยงยุทธ เกษสาคร
246 31 ^aPersonnel Development and Training
260    ^aกรุงเทพฯ :^bห้างหุ้นส่วน วี. เจ พริ้นติ้ง,^c2551
300    ^a276 หน้า
650  4 ^aการพัฒนากำลังคน
650  4 ^aการฝึกอบรม
945    ^p165^l0^i15180
995    ^aทศพร
999    ^aทศพร เกษรทอง
รายการนี้ยังไม่มีแท็ก
คุณยังไม่ได้ล็อกอิน คุณสามารถมีกิจกรรมร่วมกับเว็บไซต์ได้ แต่ต้องล็อกอินก่อน ::
  ล็อกอิน

รายการสื่อสารสนเทศ

ลำดับที่ ประเภท เลขเรียก/บาร์โค้ด สถานที่ สถานะ
1. วิทยาศาสตร์การแพทย์ และสุขภาพ
วิทยาศาสตร์การแพทย์ และสุขภาพ
HF5549 ย126ก ฉ.1 
  Barcode: 15180
ห้องสมุดวิทยาเขตสวรรค์ประชารักษ์
►หนังสือทั่วไป
บนชั้น

รายการใกล้เคียง
    ผู้แต่ง [ยงยุทธ เกษสาคร]

    หัวเรื่อง [การพัฒนากำลังคน]
    หัวเรื่อง [การฝึกอบรม]

BibComment


ยังไม่เคยถูกคอมเมนท์

คอมเมนท์ทรัพยากรรายการนี้
  คอมเมนท์: การพัฒนาบุคคลและ..


 Copyright 2026. Bcnsprnw @Library